Spending review (Record no. 117761)

MARC details
000 -LEADER
fixed length control field 01590cam a2200241 4500
001 - CONTROL NUMBER
control field WB@3612-240
008 - FIXED-LENGTH DATA ELEMENTS--GENERAL INFORMATION
fixed length control field 040722n2004 000 0 eng u
035 ## - SYSTEM CONTROL NUMBER
System control number (Sirsi) u126913
245 ## - TITLE STATEMENT
Title Spending review
260 ## - PUBLICATION, DISTRIBUTION, ETC.
Date of publication, distribution, etc. 2004
490 ## - SERIES STATEMENT
Series statement Inside Housing
Volume/sequential designation (21) 28, 16 July 2004 (1)
490 ## - SERIES STATEMENT
Series statement Planning (for the Natural and Built Environment)
Volume/sequential designation 16 July 2004 (1)
490 ## - SERIES STATEMENT
Series statement RICS News Service
Volume/sequential designation 16 July 2004 (1)
520 ## - SUMMARY, ETC.
Summary, etc. The Chancellor of the Exchequer has announced details of the government's Comprehensive Spending Review - "Stability, security and opportunity for all: investing for Britain's long-term future". Included were announcements of £425m for the planning delivery grant in the three years up to 2007-08, which extends the original three-year lifespan of the grant. Overall spending on ODPM programmes is due to increase by 3.3% a year on average, in real terms to £8.4bn in 2007/08. The government also plans to increase by 50% the number of social rented homes, taking the figure to 10 000 annually. There was also a £200m community infrastructure fund, administered by the Dft. Full details of all of these and much more can be found at: http://www.hm-treasury.gov.uk/spending_review/spen d_sr04/spend_sr04_index.cfm. http://www.rics.org/ricscms/bin/show?class=News&te mplate=/includes/shownews.html&id=9456&faculty=RIC S
590 ## - LOCAL NOTE (RLIN)
Local note WB
590 ## - LOCAL NOTE (RLIN)
Local note WB
650 ## - SUBJECT ADDED ENTRY--TOPICAL TERM
Topical term or geographic name entry element COMPREHENSIVE SPENDING REVIEW
650 ## - SUBJECT ADDED ENTRY--TOPICAL TERM
Topical term or geographic name entry element GOVERNMENT SPENDING
650 ## - SUBJECT ADDED ENTRY--TOPICAL TERM
Topical term or geographic name entry element HOUSING DEMAND
650 ## - SUBJECT ADDED ENTRY--TOPICAL TERM
Topical term or geographic name entry element SUSTAINABLE COMMUNITIES
690 ## - LOCAL SUBJECT ADDED ENTRY--TOPICAL TERM (OCLC, RLIN)
Topical term or geographic name as entry element ECONOMIC ISSUES
942 ## - ADDED ENTRY ELEMENTS (KOHA)
Suppress in OPAC 0
Holdings
Withdrawn status Lost status Source of classification or shelving scheme Damaged status Not for loan Home library Current library Shelving location Date acquired Total Checkouts Full call number Barcode Date last seen Copy number Price effective from Koha item type
    Dewey Decimal Classification     London London News article 22/07/2004   WB4028-05 126913-1001 06/08/2019 1 06/08/2019 News article